POULTRY MEAT SCIENCE (Record no. 216164)

MARC details
000 -LEADER
fixed length control field 00472nam a22001697a 4500
008 - FIXED-LENGTH DATA ELEMENTS--GENERAL INFORMATION
fixed length control field 251112b |||||||| |||| 00| 0 eng d
020 ## - INTERNATIONAL STANDARD BOOK NUMBER
International Standard Book Number 979-8-88715-02-84
050 ## - LIBRARY OF CONGRESS CALL NUMBER
Classification number TS 1968 .W38 2023
Item number 1
100 ## - MAIN ENTRY--PERSONAL NAME
Personal name WATSON,EMILY
245 ## - TITLE STATEMENT
Title POULTRY MEAT SCIENCE
Remainder of title PAULTRY- PROCESSING
260 ## - PUBLICATION, DISTRIBUTION, ETC.
Place of publication, distribution, etc. DUBLIN,OH
Name of publisher, distributor, etc. ORYSON PRESS
Date of publication, distribution, etc. 2023
300 ## - PHYSICAL DESCRIPTION
Extent VI,312P.ILL.
500 ## - GENERAL NOTE
General note INCLUDES INDEX
650 ## - SUBJECT ADDED ENTRY
Topical term or geographic name entry element MEAT QUALITY,FOOD PRODUCTION
942 ## - ADDED ENTRY ELEMENTS (KOHA)
Source of classification or shelving scheme Library of Congress Classification
Koha item type Long Loan Book
Holdings
Withdrawn status Lost status Source of classification or shelving scheme Damaged status Not for loan Collection Home library Current library Date acquired Inventory number Total checkouts Full call number Barcode Date last seen Copy number Price effective from Koha item type
    Library of Congress Classification     Science & Technology Kisii University Library Kisii University Library 11/12/2025 109720   TS 1968 .W38 2023 000000020583 11/12/2025 1 11/12/2025 Long Loan Book
    Library of Congress Classification     Science & Technology Kisii University Library Kisii University Library 11/12/2025 109719   TS 1968 .W38 2023 000000020584 11/12/2025 2 11/12/2025 Long Loan Book
    Library of Congress Classification     Science & Technology Kisii University Library Kisii University Library 11/12/2025 109718   TS 1968 .W38 2023 000000020585 11/12/2025 3 11/12/2025 Long Loan Book
    Library of Congress Classification     Science & Technology Kisii University Library Kisii University Library 11/12/2025 109717   TS 1968 .W38 2023 000000020586 11/12/2025 4 11/12/2025 Long Loan Book